000 00705nam a22002297a 4500
005 20230404100029.0
008 010101b xxu||||| |||| 00| 0 eng d
020 _a9780143415350
_c450
040 _aLoreto College
041 _aEnglish
082 _aTAG 891.44
_bTAG
100 _aTagore, Rabindranath
_d1861-1941
245 _aMy life in my words
_cselected and edited with an introduction by Uma Das Gupta
260 _aNew Delhi
_bPenguin Books
_c2010
300 _axx,395p
_b23 cm
500 _aFirst published in Viking by Penguin Books India 2006
504 _aIncludes bibliography and index
650 _vAutobiography
700 _4ed.
_aDas Gupta, Uma
850 _aLCLIB
942 _cBK
999 _c39977
_d90456